Riadenie osobných rizík jednotlivcov a domácností bakalárska práca

Saved in:
Bibliographic Details
Main Author: Malá, Nikoleta
Corporate Author: Národohospodárska fakulta EU. Katedra poisťovníctva
Other Authors: Brokešová, Zuzana, 1985-
Format: Book
Language:Slovak
Published: Bratislava 2024
Tags: Add Tag
No Tags, Be the first to tag this record!

MARC

LEADER 00000nbm a2200000 4500
001 0301552
005 20241007131059.6
041 0 |a slo 
044 |a SK 
245 1 0 |a Riadenie osobných rizík jednotlivcov a domácností  |b bakalárska práca  |c Nikoleta Malá ; školiteľ: Zuzana Brokešová 
264 1 |a Bratislava  |c 2024 
300 |a 42 s. 
100 1 |a Malá, Nikoleta 
700 1 |a Brokešová, Zuzana, 1985- 
710 2 |a Národohospodárska fakulta EU. Katedra poisťovníctva